00439 a2200169 450000100060000002000180000604000220002410000170004624000230006324500180008630000110010436200090011565000120012494200070013695201090014399900170025264110 a9788501403261 cAnchieta - Pituba aGarcia, Kami10aDezenove luaslpor10aDezenove luas a313p. 0 a2014 4aRomance cBK 00104070a91.1b91.1d2023-11-21l0o813 S873d STO DEZp17733/PITr2023-11-21 18:32:32w2023-11-21yBK c64110d64110